Sanctissimi domini nostri Benedicti Papae XIV De Synodo Dioecesaa, liri tredecim, in duos tomos distributi (Record no. 8553)
[ view plain ]
| 000 -CABECERA | |
|---|---|
| campo de control de longitud fija | 00833nam a2200229 a 4500 |
| 001 - NÚMERO DE CONTROL | |
| campo de control | BRCA_8902 |
| 005 - FECHA Y HORA DE LA ÚLTIMA TRANSACCIÓN | |
| campo de control | 20190320210443.0 |
| 008 - DATOS DE LONGITUD FIJA--INFORMACIÓN GENERAL | |
| campo de control de longitud fija | 160617s1771----sp-#######---#000-0#lat-# |
| 041 ## - CÓDIGO DE LENGUA | |
| Código de lengua del texto/banda sonora o título independiente | lat |
| 044 ## - CÓDIGO DEL PAÍS DE LA ENTIDAD EDITORA/PRODUCTORA | |
| Código MARC del país | sp |
| 084 ## - OTRO NÚMERO DE CLASIFICACIÓN | |
| Número de clasificación | CO90 |
| Número de documento/Ítem | .S26 1771 |
| 245 10 - MENCIÓN DE TÍTULO | |
| Título | Sanctissimi domini nostri Benedicti Papae XIV De Synodo Dioecesaa, liri tredecim, in duos tomos distributi |
| Resto del título | tomus secundus. |
| 260 ## - PUBLICACIÓN, DISTRIBUCIÓN, ETC. | |
| Lugar de publicación, distribución, etc. | Matriti |
| Nombre del editor, distribuidor, etc. | Ex typographia Blasii Roman |
| Fecha de publicación, distribución, etc. | 1771 |
| 300 ## - DESCRIPCIÓN FÍSICA | |
| Extensión | [4], 578 p. (t.2) |
| Dimensiones | 20.7 x 16 cm |
| 500 ## - NOTA GENERAL | |
| Nota general | Superiorum permissu |
| 500 ## - NOTA GENERAL | |
| Nota general | Estado físico: presenta encuadernación en pergamino |
| 500 ## - NOTA GENERAL | |
| Nota general | En portada: Editio secunda Matritensis á quampluribus mendis correcta |
| 650 14 - PUNTO DE ACCESO ADICIONAL DE MATERIA--TÉRMINO DE MATERIA | |
| Término de materia o nombre geográfico como elemento de entrada | Iglesia católica |
| Subdivisión general | Historia |
| Subdivisión cronológica | Obras anteriores a 1800 |
| 9 (RLIN) | 21972 |
| 700 1# - PUNTO DE ACCESO ADICIONAL--NOMBRE DE PERSONA | |
| Nombre de persona | Blasii Roman |
| Término indicativo de función/relación | Impresor |
| 9 (RLIN) | 22144 |
| 902 ## - CATALOGADOR | |
| Iniciales | CFM |
| 942 ## - ELEMENTOS DE PUNTO DE ACCESO ADICIONAL (KOHA) | |
| Fuente del sistema de clasificación o colocación | Library of Congress Classification |
| Tipo de ítem Koha | Libros |
| Estado de retiro | Estado de pérdida | Estado dañado | No para préstamo | Localización permanente | Ubicación/localización actual | Fecha de adquisición | Total de préstamos | Signatura topográfica completa | Código de barras | Fecha visto por última vez | Precio válido a partir de | Tipo de ítem Koha |
|---|---|---|---|---|---|---|---|---|---|---|---|---|
| El ejemplar forma parte de la colección y puede ser consultado según las políticas vigentes. | Biblioteca del Museo Franz Mayer (Rogerio Casas-Alatriste) | Biblioteca del Museo Franz Mayer (Rogerio Casas-Alatriste) | 16/06/2017 | CO90 .S26 1771 | CFM00225 | 22/03/2019 | 22/03/2019 | Libros |